| 000 | 00671nam a2200169 a 4500 | ||
|---|---|---|---|
| 008 | 100709s2005 ||||||||||||||||| || u | ||
| 050 | _aIBRD(08) | ||
| 100 | _aLevy-Yeyati, Eduardo | ||
| 245 | 1 | 0 |
_aMarket discipline under systematic risk: evidence from bank runs in emerging economies _cby Eduardo Levy-Yeyati |
| 260 |
_aWashington, D. C. _bWorld Bank _c2005 |
||
| 300 | _a48p.: ill | ||
| 350 | _a0.00 | ||
| 490 | _aPolicy Research Working Paper | ||
| 650 | _aBANKING | ||
| 650 | _aEMERGING MARKETS | ||
| 995 |
_D0.00 _FCBU-MAIN LIBRARY (Kitwe) _H1 _I0.00 _M1 _UAVAILABLE _WJul 9, 2010 _ZInternational Publications |
||
| 999 |
_c50366 _d50366 |
||